• 首页
  • 本馆介绍
  • 公告通知
  • 最新文献
  • 馆藏检索
  • 电子资源
  • 读者导购
  • 参考咨询
  • 我的图书馆
  • 登录
  • 详细信息显示
  • 放入我的书架
  • 预约/预借图书
  • 作者相关作品
  • 分类相关作品
  • 丛书相关作品
  • 出版社相关作品

书目信息

  • 表格格式
  • 工作单格式
  • 卡片格式
题名:
下一代零售连锁的7个经营思路
    
 
作者: 岛田阳介 著 ;初相娟 译
分册:  
出版信息: 北京   东方出版社  2019.02
页数: 325页
开本: 21cm
丛书名: 图解服务的细节
单 册:
中图分类: F713.32
科图分类:
主题词: 零售业--ling shou ye--商业经营
电子资源:
ISBN: 978-7-5207-0681-0
000 01084nam 2200289 450
001 CAL 003774239
005 20230217093113.0
010    @a978-7-5207-0681-0@dCNY68.00
100    @a20190326d2019 em y0chiy0120 ea
101 1  @achi@cjpn
102    @aCN@b110000
105    @aak z 000yy
106    @ar
200 1  @a下一代零售连锁的7个经营思路@Axia yi dai ling shou lian suo de 7 ge jing ying si lu@f(日) 岛田阳介著@g初相娟译
210    @a北京@c东方出版社@d2019.02
215    @a325页@c图@d21cm
225 2  @a图解服务的细节@Atu jie fu wu de xi jie@v082
300    @a“十三五”国家重点出版物出版规划项目
314    @a岛田阳介, 研究课题是连锁店经营战略。
330    @a本书主要内容包括: 独特且专业化的流通化“大获全胜”一般且综合化的流通化“一败涂地”、创新后的流通业更胜一筹保持不变的流通业略显逊色等。
410  0 @12001 @a图解服务的细节@v082
606 0  @a零售业@Aling shou ye@x商业经营
690    @aF713.32@v5
701  0 @a岛田阳介@Adao tian yang jie@4著
702  0 @a初相娟@Achu xiang juan@4译
801  0 @aCN@bBJXHZP@c20230228
905    @b1389494-7@dF713.32@e1390@f4
    
    下一代零售连锁的7个经营思路/(日) 岛田阳介著/初相娟译.-北京:东方出版社,2019.02
    325页:图;21cm.-(图解服务的细节;082)
    “十三五”国家重点出版物出版规划项目
    
    ISBN 978-7-5207-0681-0:CNY68.00
    本书主要内容包括: 独特且专业化的流通化“大获全胜”一般且综合化的流通化“一败涂地”、创新后的流通业更胜一筹保持不变的流通业略显逊色等。
●
相关链接 在E读中查询图书 在五车中查询图书 在当当中查询图书 在豆瓣中查询图书


正题名:下一代零售连锁的7个经营思路     索取号:F713.32/1390         预约/预借

序号 登录号 条形码 馆藏地/架位号 状态 备注
1 1389494   213894945   第一样本阅览室/ [索取号:F713.32/1390] 在馆    
2 1389495   213894954   第一借阅区/ [索取号:F713.32/1390] 在馆    
3 1389496   213894963   第一借阅区/ [索取号:F713.32/1390] 在馆    
4 1389497   213894972   第一借阅区/ [索取号:F713.32/1390] 在馆    
唐山师范学院图书馆 欢迎您!
大连网信软件有限公司© 版权所有